|
|
|
|
| LEADER |
02511nam a2200553 a 4500 |
| 001 |
nkc20061646711 |
| 003 |
CZ PrNK |
| 005 |
20060823075356.0 |
| 007 |
ta |
| 008 |
060313s2006 xr a f m 000 0 eng |
| 015 |
|
|
|a cnb001646711
|
| 020 |
|
|
|a 80-214-3148-2
|q (brož.)
|
| 035 |
|
|
|a (OCoLC)85545788
|
| 040 |
|
|
|a OLA001
|b cze
|d BOA001
|d ABA001
|
| 041 |
0 |
|
|a eng
|a cze
|b cze
|
| 072 |
|
7 |
|a 621.3
|x Elektrotechnika
|2 Konspekt
|9 19
|
| 080 |
|
|
|a 621.383.4
|2 MRF
|
| 080 |
|
|
|a 621.3.049.76
|2 MRF
|
| 080 |
|
|
|a 621.315.59
|2 MRF
|
| 080 |
|
|
|a (043.5)
|2 MRF
|
| 080 |
|
|
|a (048.3)
|2 MRF
|
| 100 |
1 |
|
|a Weiter, Martin,
|d 1971-
|7 jo2003204218
|4 aut
|
| 245 |
1 |
0 |
|a Charge carrier transport and photogeneration in disordered organic semiconductors =
|b Transport nosičů náboje a fotogenerace v neuspořádaných organických polovodičích : short version of habilitation thesis, physical chemistry /
|c Martin Weiter
|
| 246 |
3 |
1 |
|a Transport nosičů náboje a fotogenerace v neuspořádaných organických polovodičích
|
| 260 |
|
|
|a Brno :
|b VUTIUM,
|c 2006
|
| 300 |
|
|
|a 29 s. :
|b il. ;
|c 24 cm
|
| 490 |
1 |
|
|a Vědecké spisy Vysokého učení technického v Brně. Habilitační a inaugurační spisy,
|x 1213-418X ;
|v sv. 199
|
| 500 |
|
|
|a Zkrácená verze habilitační práce--Vysoké učení technické v Brně, Chemická fakulta, 2006?
|
| 500 |
|
|
|a Nad názvem: Brno University of Technology, Faculty of Chemistry, Institute of Physical and Applied Chemistry
|
| 504 |
|
|
|a Obsahuje bibliografii
|
| 546 |
|
|
|a Část. český text, české resumé
|
| 650 |
0 |
7 |
|a fotodetektory
|7 ph339348
|2 czenas
|
| 650 |
0 |
7 |
|a nanoelektronika
|7 ph138052
|2 czenas
|
| 650 |
0 |
7 |
|a polovodiče
|7 ph124272
|2 czenas
|
| 650 |
0 |
9 |
|a photodetectors
|2 eczenas
|
| 650 |
0 |
9 |
|a nanoelectronics
|2 eczenas
|
| 650 |
0 |
9 |
|a semiconductors
|2 eczenas
|
| 655 |
|
7 |
|a habilitační práce
|7 fd185153
|2 czenas
|
| 655 |
|
7 |
|a teze
|7 fd133701
|2 czenas
|
| 655 |
|
9 |
|a habilitation theses
|2 eczenas
|
| 655 |
|
9 |
|a abstracts
|2 eczenas
|
| 710 |
2 |
|
|a Vysoké učení technické v Brně.
|b Ústav fyzikální a spotřební chemie
|7 kn20030320005
|
| 810 |
2 |
|
|a Vysoké učení technické v Brně.
|t Vědecké spisy.
|p Habilitační a inaugurační spisy
|0 s
|
| 910 |
2 |
|
|a BOA001
|b 2-1164.695
|
| 990 |
|
|
|a BK
|
| 995 |
|
|
|a 01
|
| 991 |
|
|
|b 200606
|c NOV
|
| 996 |
6 |
|
|b 2610282314
|c 2-1164.695
|l MZK
|r Sklad / do 1 hodiny
|n 0
|p p.v.
|w 000816583
|u 000010
|a 1
|e BOA001
|j MZK50
|s P
|
| 996 |
7 |
|
|b 2610282315
|c 2-1164.695
|l MZK
|r Sklad / do 1 hodiny
|n 4
|p p.v.
|w 000816583
|u 000020
|a 1
|e BOA001
|j MZK50
|s A
|